000 00782nam a2200229 i 4500
001 45407
003 ES-MaACL
005 20230906161219.0
007 t|
008 030326q1907 sp ||||1| spa d
100 1 _aCoelho, Trindade.
_939453
245 1 0 _aNuevos amores /
_cnovela original de Trindade Coelho ; traducción del portugués y prólogo por Angel Guerra ; ilustraciones de Luis Palao.
260 _aMadrid :
_b[s.n.,
_c1907?] (
_fImp. de la Biblioteca Patria)
300 _aXV, 114, 28 p. ;
_c18 cm.
490 1 _aBiblioteca patria ;
_v37
500 _aFecha, 1907, tomada de la p. XV.
700 1 _aGuerra, Angel.
_960483
700 1 _aPalao, Luis.
_988472
830 0 _aBiblioteca patria ;
_v37
_9183429
852 _aES-MaACL
_jD-2433
999 _c45407
_d45407